| 000 | 00506nam a22001937i 4500 | ||
|---|---|---|---|
| 001 | 1734 | ||
| 003 | OSt | ||
| 005 | 20170126082258.0 | ||
| 007 | tu | ||
| 008 | 161220s1986 xxu||||| |||| 00| 0 d | ||
| 024 | 7 |
_a1733 _2RID |
|
| 040 | _cOSt | ||
| 084 |
_a11.353 _a11.352 _2z |
||
| 100 | 1 | _aTemkin, Gabriel | |
| 245 | 0 | 0 | _aForeign Credits - Polands Experiment with Import-Induces Growth |
| 260 |
_aSt. Catharines : _bDepartment of Economics,Brock Univiversity, _c1986. |
||
| 300 |
_a85 S. ; _c30cm. |
||
| 651 | _aPoland | ||
| 942 | _cB | ||
| 999 |
_c1715 _d1715 |
||